LEADER 01290nam a2200205 i 4500 001 000000058081 003 CaOOAMICUS 005 20151214000000.0 008 151214s1844 xx u000 u fre u 013 $a29253 040 $aSeMil$bita 100 1 $aDupin, André-Marie-Jean-Jacques <1783-1865>.$0(OLS)http://semarc/name/14599 245 10$aManuel du droit public ecclésiastique français :$bcontenant: les libertés de l'église gallicane en 83 articles, avec un commentaire; la déclaration du clergé de 1682, sur les limites de la puissance ecclésiastique; le concordat, et sa loi organique, ... /$cpar M. Dupin. 260 $aParis :$bVidecoq père et fils,$c1844. 300 $aXXXVI, 466 p. ;$c16 cm. 650 4$aDiritto ecclesiastico - Manuali.$0(OLS)http://semarc/subject/3859 850 $aSeMil 852 $aSeMil$W1$xVenegono$y1$m2J I 45 FA$j24234$B24234$CSeMilBibl$Z2$F24237 $8I 996 $6245$aManuel du droit public ecclésiastique français :$bcontenant: les libertés de l'église gallicane en 83 articles, avec un commentaire; la déclaration du clergé de 1682, sur les limites de la puissance ecclésiastique; le concordat, et sa loi organique, ...$9(OLS)http://semarc/title/90468 996 $6260$aParis :$bVidecoq père et fils$9(OLS)http://semarc/publisher/41875 LEADER 01918nam a2200289 i 4500 001 000000078204 003 CaOOAMICUS 005 20230502123227.0 008 170313s1751 it u000 u lat u 013 $a50441 026 $aueu- n-r, s.,& faZo (3) 1751 (R) 040 $aSeMil$bita 100 1 $aMusanti, Giovanni Domenico.$0(OLS)http://semarc/name/81651 245 10$aTabulae chronologicae quae sacra, politica, fortuita, literas, et artes ad omnigenam historiam complectuntur. Ab Orbe condito ad annum post Christum Natum 1751. Auctore Joanne Dominico Musantio ... Cui accessit dissertatio Historico-critica. Qua Chronologiae his Tabulis tradite Specimen Apologeticum exhibetur Eminentiss., ac Reverendiss. Principi Dominico Ursino S.R.E. Cardinali. 250 $aEditio quarta Auctior, emendatior, & in formam commodiorem redacta. 260 $aRomae :$bTypis, et sumptibus Generosi Salomoni in Foro S. Ignatii,$c1751. 300 $a[XX], 448 p. ;$c8°. 500 $aFregio, iniz. xilogr. 500 $aFront. in cornice xilogr. 500 $aSegn.: a10 A-S12 T8 700 1 $aOrsini, Domenico.$0(OLS)http://semarc/name/90992 700 1 $aSalomoni, Generoso,$c.$0(OLS)http://semarc/name/6919 850 $aSeMil 852 $aSeMil$W1$xVenegono$y1$m3S II 29 FA$j44171$B44171$CSeMilBibl$Z2$F45800 $8I 996 $6245$aTabulae chronologicae quae sacra, politica, fortuita, literas, et artes ad omnigenam historiam complectuntur. Ab Orbe condito ad annum post Christum Natum 1751. Auctore Joanne Dominico Musantio ... Cui accessit dissertatio Historico-critica. Qua Chronologiae his Tabulis tradite Specimen Apologeticum exhibetur Eminentiss., ac Reverendiss. Principi Dominico Ursino S.R.E. Cardinali$9(OLS)http://semarc/title/402839 996 $6260$aRomae :$bTypis, et sumptibus Generosi Salomoni in Foro S. Ignatii$9(OLS)http://semarc/publisher/56322